| 000 | 01099pam a2200337 a 4500 | ||
|---|---|---|---|
| 001 | 6516 | ||
| 003 | FISKH | ||
| 005 | 20250507150834.0 | ||
| 008 | 910111r19911974nyua j 000 0 eng | ||
| 010 | _a 91001987 | ||
| 020 | _a068971503X | ||
| 020 | _a9780689715037 | ||
| 040 |
_aDLC _cDLC _dDLC _beng |
||
| 050 | _aPZ8.L28 O | ||
| 082 | _a782.4216221041 | ||
| 100 | 1 |
_aLangstaff, John, _d1920-2005. |
|
| 245 | 1 | 0 |
_aOh, a-hunting we will go / _cJohn Langstaff ; pictures by Nancy Winslow Parker. |
| 260 |
_aNew York : _bAladdin Paper, _c1991. |
||
| 300 |
_a32 unnumbered pages ; _bcolor illustrations ; _c26 cm |
||
| 505 | _aNP | ||
| 520 | _aOld and new verses for a popular folk song about hunting and capturing an animal--and then letting him go. | ||
| 521 | 8 |
_aNP
_bLexile KSP |
|
| 650 | 0 |
_aChildren's songs, English _vTexts. |
|
| 650 | 0 |
_aFolk songs, English _vTexts. |
|
| 650 | 1 | _aAmerican songs. | |
| 650 | 1 | _aSong texts. | |
| 700 | 1 |
_aParker, Nancy Winslow, _eillustrator |
|
| 906 |
_a7 _bcbc _corignew _d1 _eocip _f19 _gy-gencatlg |
||
| 942 |
_2ddc _cBK _n0 |
||
| 999 |
_c6516 _d6516 |
||